000 01441cam a2200433Ma 4500
001 74671
005 20230410124123.0
008 080320s2008 mx a 000 0 spa d
010 _a 2009423136
035 _a(OCoLC)ocn247286094
040 _aPL#
_bspa
_cPL#
_dCUY
_dH7K
_dMUQ
_dUXS
_dXVF
020 _a9789703215539
029 0 _aPL#
_b080011632
035 _a(OCoLC)247286094
043 _an-mx---
050 1 4 _aN 6555
_bR173m 2008
082 0 0 _a709.040972
049 _aGRAL
100 1 _aRamírez, Fausto.
245 1 0 _aModernización y modernismo en el arte mexicano /
_cFausto Ramírez.
260 _aMéxico, D.F. :
_bUniversidad Nacional Autónoma de México, Instituto de Investigaciones Estéticas,
_c2008.
300 _a477 p. :
_bil. ;
_c27 cm.
653 _aModernismo (Arte)
_aMéxico
650 0 _aModernism (Art)
_zMexico.
650 0 _aArt, Mexican
_y19th century.
650 0 _aArt, Mexican
_y20th century.
650 0 _aArt, Modern
_y19th century.
650 0 _aArt
_zMexico
_y20th century.
650 4 _aModernismo (Arte)
_zMéxico.
650 4 _aArte moderno
_ySiglo XX
_zMéxico.
_2lemb
653 _aArte Moderno
_aSiglo XIX
_aMéxico
653 _aArte Moderno
_aSiglo XX
_aMéxico
650 6 _aModernisme (Art)
_zMexique.
938 _aPuvill Libros
_bPUVL
_n9789703215539
_c$143.28
938 _aHoward Karno Books
_bKARN
_nkb200102000141
942 _2lcc
_cbk
946 _ajp
994 _aC0
_bDRFGD
999 _c71384
_d71384